ბათუმის შოთა რუსთაველის სახელმწიფო უნივერსიტეტის ბიბლიოთეკა

ფერწერა, გრაფიკა = Leri Pavlenishvili : Painting, graphics / (ბიბ.ჩანაწერი № 59943)

000 -ლიდერი
ფიქსირებული სიგრძის საკონტროლო ველი 01272nam a22002297a 4500
003 - საკონტროლო ნომრის იდენტიფიკატორი
საკონტროლო ველი Ge_BSU
005 - ბოლო ოპერაციის თარიღი და დრო
საკონტროლო ველი 20230519172554.0
008 - ფიქსირებული სიგრძის მონაცემთა ელემენტები - ზოგადი ინფორმაცია
ფიქსირებული სიგრძის საკონტროლო ველი 230519s2017 ge ||||| |||| 00| 0 geo d
020 ## - წიგნის საერთაშორისო სტანდარტული ნომერი
International Standard Book Number 9789941457623
041 ## - ენის კოდი
Language code of text/sound track or separate title geo
080 ## - უნივერსალური ათობითი კლასიფიკაციის ინდექსი
Universal Decimal Classification number 75/.76.071.1(479.22)(083.824) ფ-15
100 ## - მთავარი ჩანაწერი - პიროვნების სახელი
Personal name ფავლენიშვილი, ლერი
9 (RLIN) 18152
245 ## - ცნობა სათაურის შესახებ
Title ფერწერა, გრაფიკა = Leri Pavlenishvili : Painting, graphics /
Statement of responsibility, etc შემდგენელი ლია ფავლენიშვილი.
264 ## - წარმოების, გამოცემის, დისტრიბუციის და სხვა ცნობები
გამოცემის, წარმოების, დისტრიბუციის... ადგილი თბილისი :
გამოცემის, წარმოების, დისტრიბუციის... სახელწოდება ნეკერი,
გამოცემის, წარმოების, დისტრიბუციის... თარიღი 2017.
300 ## - ფიზიკური აღწერა
Extent 126 გვ. :
Other physical details ილ. ;
Dimensions 29 სმ.
500 ## - ზოგადი შენიშვნა
General note გამოცემა ეძღვნება ლერი ფავლენიშვილის ხსოვნას.
501 ## - შენიშვნა თანმხლებ მასალაზე
With note გარეკანი, თავფურ. და ტექსტი აგრეთვე ინგლ. ენაზე.
653 ## - INDEX TERM--UNCONTROLLED
Uncontrolled term ქართველ მხატვართა გამოფენები
653 ## - INDEX TERM--UNCONTROLLED
Uncontrolled term ქართველ მხატვართა ფერწერული ალბომები
700 ## - ADDED ENTRY--PERSONAL NAME
Personal name ფავლენიშვილი, ლია
Relator term შემდგენელი
9 (RLIN) 18153
942 ## - ADDED ENTRY ELEMENTS (KOHA)
Source of classification or shelving scheme
Koha item type წიგნი
ეგზემპლარები
ჩამოწერის სტატუსი დაკარგული ეგზემპლარის სტატუსი კლასიფიკაციის წყარო ან თაროზე გაწყობის სქემა დაზიანების სტატუსი არ გაიცემა მუდმივი მდებარეობა (დაცვის ადგილი) ამჟამინდელი ადგილსამყოფელი თაროზე განთავსების ადგილი შეძენის თარიღი ღირებულება, შესყიდვის ნორმალური ფასი სრული შენახვის შიფრი შტრიხკოდი ბოლო ოპერაციის თარიღი ეგზემპლარის მიმდევრობითი ნომერი (კეტერი?) Uniform Resource Identifier ფასის ძალაში შესვლის თარიღი ეგზემპლარის სახეობა საჯარო შენიშვნა
          ბათუმის შოთა რუსთაველის სახელმწიფო უნივერსიტეტის მთავარი ბიბლიოთეკა ბათუმის შოთა რუსთაველის სახელმწიფო უნივერსიტეტის მთავარი ბიბლიოთეკა წიგნსაცავი 2023-05-19 8.00 75/.76.071.1(479.22)(083.824) ფ-15 64418 2023-05-19 64418 ბსუ-ს საპატიო დოქტორის გურამ ლორთქიფანიძის საჩუქარი 2023-05-19 წიგნი 8 ლ.